00914nam a22002652 450000100060000000300080000600500170001400800410003102000150007203500190008704000270010604100080013308200290014110000250017024501170019526000460031230000210035849000350037950400510041465000450046565000380051065000330054865100310058183000360061241981BD-RjUL20211209053458.0160608s1979 onc b 001 0 eng  a0771008260 a(BD-RjUL)42099 aDLCcDLCdBD-RjULbeng aeng a331.624071219bAVD 19791 aAvery, Donaldd1938-10a"Dangerous foreigners" :bEuropean immigrant workers and labour radicalism in Canada, 1896-1932 /cDonald Avery. aToronto :bMcClelland and Stewart,c1979. a204 p. ;c21 cm.1 aCanadian social history series aIncludes bibliographical references and index. 0aMinoritiesxEmploymentzCanadaxHistory. 0aForeign workerszCanadaxHistory. 0aRadicalismzCanadaxHistory. 0aCanadaxSocial conditions. 0aCanadian social history series.